| 000 | 00531nam a2200181 a 4500 | ||
|---|---|---|---|
| 005 | 20240803063819.0 | ||
| 008 | 991125s1968 bar 000 0 spa u | ||
| 035 | _aUPN01000005906 | ||
| 049 | _aCG | ||
| 050 | 4 |
_aPT2639 E5 _bB6.8 |
|
| 100 | 1 |
_aSeghers, Anna, _d1900- |
|
| 245 | 1 | 4 |
_aLas bodas de Haità : _brelatos / _cAnna Seghers ; tr. Michael Faber Kaiser. |
| 260 |
_aBarcelona, Esp. : _bSeix Barral, _c1968. |
||
| 300 | _a227 p | ||
| 440 | 0 |
_aBiblioteca breve; _v271. Relatos |
|
| 650 | 4 |
_aNovela alemana _911856 |
|
| 905 | _aLibro | ||
| 999 |
_c5906 _d5906 |
||